Marinera, corazón de la peruanidad
Guardat en:
| Autor corporatiu: | |
|---|---|
| Format: | Llibre |
| Idioma: | espanyol |
| Publicat: |
Trujillo
Club Libertad
1999
|
| Edició: | 1a. ed |
| Matèries: | |
| Etiquetes: |
Afegir etiqueta
Sense etiquetes, Sigues el primer a etiquetar aquest registre!
|
MARC
| LEADER | 00000nam a2200000 a 4500 | ||
|---|---|---|---|
| 001 | UCI2171 | ||
| 003 | CL-VaPUC | ||
| 008 | 070803e19990000PE |||||||||||||||||spa|d | ||
| 082 | 0 | 4 | |a 781 |b CLU |2 21 |
| 110 | 2 | |a Club Libertad |e author |9 523065 | |
| 245 | 1 | 0 | |a Marinera, corazón de la peruanidad |
| 250 | |a 1a. ed | ||
| 300 | |a 16 p | ||
| 942 | |c BK | ||
| 945 | |d 20070803 00:00:00 |a castudil | ||
| 260 | |a Trujillo |b Club Libertad |c 1999 | ||
| 500 | |a Representantes de la marinera de campeonato | ||
| 650 | 7 | |a MARINERA |2 CL-VaPUC |9 523066 | |
| 651 | 0 | |a Perú |9 256567 | |
| 651 | 7 | |a TRUJILLO |2 CL-VaPUC |9 509013 | |
| 583 | |a last modification |c 20190828 09:44:21 |k Rodrigo Vera | ||
| 999 | |c 326805 |d 326803 | ||
| 952 | |0 0 |1 0 |4 0 |6 781_000000000000000_CLU_1999 |7 0 |8 X |9 408946 |a FDOMLP |b FDOMLP |d 2019-11-22 |i 4040007 |o 781 CLU 1999 |p 4040007 |r 2019-11-22 |w 2019-11-22 |y BK_X |k BU2 | ||